Financial Implications of Digitalization: A Cross-Industry Literature Review
Skúmanie vplyvu implementácie digitálnych technológií na finančnú výkonnosť podniku prostredníctvom štúdia akademickej literatúry. Stanovenie špecifických kritérií na hodnotenie kvality a relevantnosti vedeckých štúdií.
Saved in:
| Main Author: | |
|---|---|
| Format: | Book Chapter |
| Language: | English |
| Subjects: | |
| Tags: |
No Tags, Be the first to tag this record!
|
MARC
| LEADER | 00000naa$a2200000$$$4500 | ||
|---|---|---|---|
| 001 | 0311639 | ||
| 005 | 20250728100104.3 | ||
| 041 | 0 | |a eng | |
| 044 | |a SK | ||
| 245 | 1 | 0 | |a Financial Implications of Digitalization: A Cross-Industry Literature Review |c Andriana Baziuk |
| 520 | |a Skúmanie vplyvu implementácie digitálnych technológií na finančnú výkonnosť podniku prostredníctvom štúdia akademickej literatúry. Stanovenie špecifických kritérií na hodnotenie kvality a relevantnosti vedeckých štúdií. | ||
| 610 | 2 | 0 | |a digitalizácia |
| 610 | 2 | 0 | |a implementácia |
| 610 | 2 | 0 | |a technológie nové |
| 610 | 2 | 0 | |a technológie informačné |
| 610 | 2 | 0 | |a technológie komunikačné |
| 610 | 2 | 0 | |a financie podnikové |
| 610 | 2 | 0 | |a výkonnosť finančná |
| 100 | 1 | |a Baziuk, Andriana, 2002- | |